Normal view
MARC view
- عجم، عبد الكريم عبد الجواد
Entry Personal Name
001 - CONTROL NUMBER
- control field: 65479
003 - CONTROL NUMBER IDENTIFIER
- control field: JO-AjAnu
005 - DATE AND TIME OF LATEST TRANSACTION
- control field: 20240623135215.0
008 - FIXED-LENGTH DATA ELEMENTS
- fixed length control field: 240623|| aca||aabn | a|a d
040 ## - CATALOGING SOURCE
- Original cataloging agency: JO-AjAnu
100 ## - HEADING--PERSONAL NAME
- Personal name: عجم، عبد الكريم عبد الجواد
- Relator term: معد